00672nam a2200193Ia 4500008004100000020001300041082001600054100006100070245006000131250000700191260003900198300002600237500001900263600002700282650001500309942000700324952013200331999001500463240925s9999 xx 000 0 und d a70232539 a621.395 GEL aGeliger ,Randall l.; Allen, Phillip E.; Strader, Noel R. 0aVLSI: design techniques for analog and digital circuits aNA aLake Forest:bMc Graw-Hillc,1990. axv,969p.bNAfPirated aIncludes Index aElectronic Engineering aTechnology cBK 011440708ELaUITUbUITUd1997-03-20eVariety Book Stall g250.00l0o621.395 GELpQ0960r2024-09-25 07:12:16w2024-09-25yBK c3459d3459